Online Catalogue and eLibrary

Malaiyaha (Up-Country) Tamil Identity and Politics in the Twenty-First Century (Record no. 5941)

MARC details
000 -LEADER
fixed length control field 00514nam a22001457a 4500
005 - DATE AND TIME OF LATEST TRANSACTION
control field 20241219002246.0
008 - FIXED-LENGTH DATA ELEMENTS--GENERAL INFORMATION
fixed length control field 241218b |||||||| |||| 00| 0 eng d
082 ## - DDC Classification
DDC Edition Number 6995
Class No. 305
Item Number - Author Mark DAN
100 ## - MAIN ENTRY--PERSONAL NAME
Personal name Bass, D
245 ## - TITLE STATEMENT
Title Malaiyaha (Up-Country) Tamil Identity and Politics in the Twenty-First Century
260 ## - PUBLICATION, DISTRIBUTION, ETC.
Place of publication, distribution, etc. Colombo
Name of publisher, distributor, etc. Internaional Centre for Ethnic Studies
Date of publication, distribution, etc. 2000
300 ## - PHYSICAL DESCRIPTION
Extent (e.g. Volumes, Pages etc.) 16 p.,
500 ## - GENERAL NOTE
General note A research on the significant strides Malaiyaha Tamils have made in the political and social spheres.
942 ## - Koha item type (Biblio)
Koha item type Books in Stacks (Lending)
Holdings
Lost status Damaged status Collection code Home library Current library Date acquired Full call number Accession Number Item type
    Lending WERC Library WERC Library 12/18/2024 6995 305 6995 Books in Stacks (Lending)

© WERC Library